[Event "NED-GER m"]
[Site "Venlo"]
[Date "2000.08.27"]
[Round "4.2"]
[White "Dautov, Rustem"]
[Black "Van der Wiel, John"]
[Result "1/2-1/2"]
[WhiteElo "2606"]
[BlackElo "2531"]
[Annotator "Dautov,R"]
[PlyCount "75"]
[EventDate "2000.08.24"]
[EventType "team"]
[EventRounds "4"]
[EventCountry "NED"]
[SourceTitle "CBM 079"]
[Source "ChessBase"]
[SourceDate "2000.11.21"]
[SourceVersion "1"]
[SourceVersionDate "2000.11.21"]
[SourceQuality "1"]
[WhiteTeam "Germany"]
[BlackTeam "Netherlands"]
[WhiteTeamCountry "GER"]
[BlackTeamCountry "NED"]

1. d4 d6 2. Nf3 Bg4 3. c4 Bxf3 4. exf3 g6 {Eine interessante Entwicklungsidee.
Schwarz plant seinen Ng8 nach e7-e6 über e7 auf f5 zu bringen, dabei nimmt er
nach Möglichkeit von dem sonst üblichen c7-c6 Abstand um dieses Feld für den
Nb8 freizuhalten.} 5. Be3 $6 {Nicht die beste Reaktion auf den Plan von
Schwarz. Hier sind einige bessere Alternativen.} (5. h4 $5 h5 6. Qb3 Qc8 7. g3
Nc6 8. Bh3 f5 9. d5 Nd4 10. Qd1 Bg7 11. O-O c5 12. dxc6 bxc6 13. Nc3 Qa6 14. b3
e5 15. Re1 Kf7 16. Be3 $14 {Ivanov,M-Gudmundsson,E/Reykjavik 1996}) (5. Bd3 $5
Bg7 6. O-O Nd7 (6... e6 $5 7. d5 $1) 7. d5 Ngf6 8. Nc3 O-O 9. Re1 c6 10. Bf1
Nc5 11. Be3 Nfd7 12. Qd2 a5 13. h4 Re8 14. h5 a4 15. Rad1 Qb6 16. hxg6 hxg6 17.
f4 $14 {Sokolov,I-Van der Wiel,J/Rotterdam 1998}) (5. Nc3 $5 Bg7 6. d5 $1 e6 7.
Qb3 Qc8 8. c5 $36) 5... Bg7 6. Nc3 e6 7. d5 ({In Frage kam} 7. Qb3 Qc8 8. h4 $1
{Schwarz konnte hier} Ne7 $5 {fortsetzen, mit einem unklaren Spiel.} (8... h5
9. d5 exd5 (9... Ne7 $5 $13) 10. Nxd5 Nd7 11. O-O-O Kf8 12. g4 $36 {
Pogorelov-Panchenko,A/Katowice 1992}) 9. g4 (9. h5 Nf5 $11) (9. Bd3 Nbc6 $132)
9... Nbc6 10. O-O-O O-O 11. h5 e5 $132) 7... Ne7 8. Bd3 ({Nach} 8. dxe6 fxe6 9.
Qb3 Qc8 10. Bd3 Nbc6 $11 {erreicht Schwarz seine Traumstellung, mit sehr
harmonisch stehenden Leichtfiguren und einer flexiblen Bauernstruktur.}) 8...
exd5 (8... O-O $5) 9. cxd5 (9. Nxd5 Bxb2 (9... c6 10. Nxe7 Qxe7 $11) 10. Rb1
Nxd5 11. cxd5 Bc3+ 12. Ke2 $44) 9... Bxc3+ {Schwarz forciert das Geschehen.
Dabei konnte er die Spannung bequem aufrecherhalten.} (9... O-O $5 10. Qb3 Qc8
11. O-O (11. h4 $5) 11... c6 (11... Nd7 $11) 12. dxc6 bxc6 13. Rfe1 $11) 10.
bxc3 Nxd5 11. Bb5+ c6 12. Qxd5 O-O 13. Bxc6 Nxc6 14. O-O Re8 15. Rfd1 Re6 16.
f4 Qc7 {/\Ne7} 17. Rab1 {/\f5 Die Stellung ist ausgeglichen. Schwarz ist nicht
imstande, seine Bauern a7,b7 und d6 ausreichend zu decken und gleichzeitig das
drohende f4-f5 zu verhindern.} Rae8 $6 {Schwarz entscheidet sich
überraschenderweise für ein etwas schlechteres Endspiel.} (17... b6 $2 18. f5
$14) (17... Rb8 $1 18. f5 Ne7 19. Qf3 (19. Qb3 Nxf5 20. Bxa7 Rbe8 $11) 19...
Nxf5 20. Bxa7 Rbe8 $11 {führte zu einem bequemen Ausgleich.}) 18. f5 Ne7 19.
Qxb7 Qxb7 20. Rxb7 Nxf5 21. Bd2 $1 (21. Rxa7 Nxe3 22. fxe3 Rxe3 $11) 21... R8e7
22. Rxe7 (22. Rb8+ Kg7 23. g4 Nh4 24. Be3 h5 25. gxh5 Nf5) 22... Nxe7 23. Be3 (
23. c4 Re4 $11) 23... Nc6 24. Bf4 Ne5 25. Rb1 (25. f3 Kf8 26. Rd5 Ke7 27. Ra5
Nc6 28. Ra6 Kd7 $11) 25... Kg7 26. h4 Nc4 27. Rd1 Re4 28. g3 Kf8 $2 $138 {
Durch sorgfältiges Spiel eine remisliche Stellung erreicht, erschwert Schwarz
mit dem Textzug unnötig seine Aufgabe. Es gab keinen Grund, einen Bauern zu
opfern.} (28... Re2 $1 29. Rd4 d5 30. Rxd5 Rxa2 31. Rd4 Nb6 $11) 29. Rb1 $6
$138 {Die Gegengefälligkeit!} (29. Bxd6+ Nxd6 30. Rxd6 Re2 (30... Ra4 31. Rd2
Ra3 32. Rc2 Ke7 33. Kf1 Kd6 34. Ke2 Kc5 35. Kd3 $16) 31. a4 Ra2 32. Ra6 Ra3 33.
Rxa7 Rxc3 $14 {hätte Weiß einige praktischen Gewinnchancen eingebracht.}) 29...
Re2 30. Bh6+ Ke7 31. Rb7+ Ke6 32. Rxa7 Rc2 33. Bg7 $6 ({Einen Versuch wert war
} 33. a4 $1 Rxc3 34. a5 Ra3 35. a6 {/\Rc7,a7 , und Schwarz muß noch einen
sicheren Weg zum Remis finden.}) 33... Ne5 34. Bxe5 dxe5 $11 35. Ra6+ Kf5 36.
Ra3 f6 37. f3 h5 38. Kf1 1/2-1/2

[Event "SUI-chT"]
[Site "Switzerland"]
[Date "2016.10.08"]
[Round "8.1"]
[White "Edouard, Romain"]
[Black "Hickl, Joerg"]
[Result "1/2-1/2"]
[WhiteElo "2620"]
[BlackElo "2560"]
[Annotator "Edouard,R"]
[PlyCount "111"]
[EventDate "2016.03.20"]
[EventType "team-tourn"]
[EventRounds "9"]
[EventCountry "SUI"]
[SourceTitle "CBM 175"]
[Source "ChessBase"]
[SourceDate "2016.11.10"]
[SourceVersion "1"]
[SourceVersionDate "2016.11.10"]
[SourceQuality "1"]
[WhiteTeam "Geneve"]
[BlackTeam "Riehen"]
[WhiteTeamCountry "SUI"]
[BlackTeamCountry "SUI"]

1. d4 d6 2. e4 g6 3. c4 e5 4. Ne2 Nc6 5. Nbc3 Nf6 (5... Bg7 6. Be3 {would have
been the main line. Black has many options here, like} exd4 (6... Nh6 $5) (6...
f5 $5) 7. Nxd4 Nge7 {which after} 8. h4 $5 {is the beginning of some long
theory.}) 6. f3 exd4 7. Nxd4 Nxd4 $6 {Just a dubious move.} (7... Bg7 8. Be3
O-O 9. Qd2 {would again transpose to some relatively important theory.}) 8.
Qxd4 Bg7 9. Bg5 O-O 10. Qd2 Be6 (10... h6 11. Be3 $14 (11. Bxh6 $2 Nxe4 $15))
11. Qf4 $6 {Just after playing that move I realised there was the idea of ...
Re8/...Qe7 for Black.} (11. Be2 {was strong and natural. There is no point
giving Black long term counterplay by castling queenside, while White's attack
is also a bit speculative. White will play 0-0, Rac1, Nd5 and is just better.})
11... Re8 $1 (11... h6 $6 12. Bxh6 Nh5 13. Qg5 ({To be honest I considered} 13.
Qd2 {even stronger but after} Qh4+ 14. Kd1 Ng3 15. Bxg7 Kxg7 16. Qf2 {missed
the terrible} Rh8 $1 $15) 13... Qxg5 14. Bxg5 f5 {Black has counterplay, but
not enough, for example:} 15. Kd2 $5 fxe4 16. Re1 $14) 12. O-O-O Qe7 $1 13. g4
(13. Qh4 $2 {fails to} h6 $1 14. Bxh6 $2 Nh7 $19 {That is the problem! Because
of that pattern White can never take advantage of the pinned knight on f6.} (
14... Nxe4 $17)) 13... a6 14. h4 b5 $1 15. Qd2 $2 (15. cxb5 axb5 16. Bxb5 Reb8
{seems horribly difficult to play for White.}) (15. h5 {was logical:} Bxc4 (
15... bxc4 {is possible but this is an improvement compared to the game.}) 16.
Bxc4 bxc4 {and now White should go} 17. Bxf6 Qxf6 18. Qxf6 Bxf6 19. Nd5 Bd8 20.
Rd4 {and strangely enough he even has some pressure, for example:} c6 21. Nc3
d5 22. exd5 Bf6 23. Rxc4 Bxc3 24. Rxc3 cxd5 25. Kd2 $36) (15. Nd5 Nxd5 {
was annoying me:} (15... Bxd5 16. cxd5 Rac8 17. h5 c6 18. dxc6 Rxc6+ 19. Kb1
$14) 16. cxd5 (16. exd5 f6 17. dxe6 fxg5 18. Qf7+ Qxf7 19. exf7+ Kxf7 20. hxg5
Rab8 $11) 16... f6 17. Bh6 Bxh6 18. Qxh6 Bd7 $11) 15... Qf8 ({In the event of} 
15... bxc4 16. h5 Rab8 {White would have problems proving real compensation.})
(15... Bxc4 16. Bxc4 bxc4 17. Nd5 Qd8 18. h5 c6 19. Nb4 $14) 16. Nd5 Bxd5 17.
cxd5 Nd7 18. Be3 (18. h5 h6 19. Be3 g5 $132 {was to be avoided.}) 18... Nc5 $5
19. Kb1 Na4 20. Bd4 Bxd4 21. Qxd4 Qg7 22. Qxg7+ Kxg7 23. Rc1 Re7 (23... Ra7 {
with the idea to be able to answer} 24. b3 Nc5 25. b4 {with} Nd7 {was a
complete equaliser.}) 24. b3 Nb6 25. Bd3 Rf8 $2 (25... Ra7 {again with the
idea ...Nd7 was better.}) 26. Kb2 (26. h5 $1 {would create problems:} g5 (26...
f5 27. h6+ Kf7 28. gxf5 gxf5 29. e5 $1 $40) 27. Rc6 Ra8 28. h6+ Kf6 (28... Kf8
29. Rhc1 Ra7 30. e5 Rxe5 31. Bxh7 $16) 29. Rh5 {and Black is in trouble as} Ra7
{is losing to} 30. f4 $1 gxf4 31. Rf5+ Kg6 32. e5 $18) 26... f5 27. gxf5 gxf5
28. Rhg1+ Kh6 29. Rc2 b4 30. Ra1 a5 31. a3 Kh5 32. axb4 axb4 33. Ra5 fxe4 34.
Bxe4 Kxh4 $6 {A risky move.} (34... Rf4 $11 {was safer.}) 35. Rg2 Rf4 36. Ra1
Kh5 $2 (36... Kh3 $1 {was necessary, and after} 37. Rg5 Kh2 38. Rd1 Nd7 39.
Rd2+ Kh3 40. Bf5+ Rxf5 41. Rxf5 Nc5 {Black should hold a draw.}) 37. Bxh7 $2 {
Missing a very nice winning idea.} (37. Rag1 $1 Ref7 (37... Nd7 38. Bxh7 $18) (
37... Rexe4 38. fxe4 Rxe4 {should be played but Black is of course much worse.}
) (37... Rh4 38. Bxh7 $18) 38. Rg8 $3 {and White wants to go Bg6+ while} Re7 {
loses to} 39. Bf5 $1 $18) (37. Re1 {with the same Rg1 idea, but forcing Black
to play one move first, also wins.}) ({However} 37. Bf5 {failed to} Rh4 38. Be6
Nd7 $132) 37... Rxh7 38. Rh1+ Rh4 39. Rxh4+ Kxh4 40. Rh2+ Kg5 41. Rxh7 Nxd5 42.
Kc2 (42. Rf7 Kg6 43. Rf8 Ne3 {should be an easy draw for Black.}) 42... Kf4 43.
Kd3 c5 44. Rh4+ Kg5 45. Re4 $6 {Just blundering Black's next move.} (45. Rh8 {
was necessary. Black has problems but should nevertheless make a draw:} Kf6 46.
Re8 Ne7 $1 47. Kc4 Nc6 48. Kd5 Nd4 49. Re3 Kg5 50. Rd3 Nf5 $11) 45... Nf4+ 46.
Ke3 Nd5+ 47. Kd2 Kf5 48. Re8 Nf4 49. Ke3 Ne6 50. Kd3 d5 51. Rc8 Ke5 52. Rc6
Nf4+ 53. Ke3 Ng2+ 54. Kd2 Kd4 55. Rg6 Ne3 56. Rh6 1/2-1/2

[Event "DEN-ch"]
[Site "Denmark"]
[Date "1996.??.??"]
[Round "9"]
[White "Hansen, Lars Bo"]
[Black "Andreasen, Per Naesby"]
[Result "1-0"]
[WhiteElo "2565"]
[BlackElo "2325"]
[Annotator "Endgame-CD"]
[PlyCount "149"]
[EventDate "1996.??.??"]
[EventType "tourn"]
[EventRounds "9"]
[EventCountry "DEN"]
[EventCategory "9"]
[SourceTitle "CBM 053"]
[Source "ChessBase"]
[SourceDate "1996.08.01"]
[SourceVersion "1"]
[SourceVersionDate "1996.08.01"]
[SourceQuality "1"]

1. Nf3 g6 2. d4 Bg7 3. g3 d6 4. Bg2 Nc6 5. O-O e5 6. dxe5 dxe5 7. Qxd8+ Nxd8 8.
Rd1 Ne7 9. Na3 f6 10. Ne1 Bd7 11. Nd3 Bc6 12. e4 a5 13. f4 exf4 14. Nxf4 O-O
15. Nd5 Nxd5 16. exd5 Bd7 17. Bf4 f5 18. c3 Rc8 19. Nc4 a4 20. a3 Nf7 21. d6 g5
22. Be3 Be6 23. Na5 Nxd6 24. Bxg5 Ra8 25. Nxb7 Nxb7 26. Bxb7 Rab8 27. Bc6 Rxb2
28. Bxa4 Bxc3 29. Rac1 Be5 30. Bc6 f4 31. Bd5 Bxd5 32. Rxd5 Bd6 33. Bxf4 Bxf4
34. gxf4 Rxf4 35. Rxc7 Rf7 36. Rxf7 Kxf7 37. Rf5+ Kg6 38. Rf2 Rb5 39. Ra2 Ra5
40. Kf2 Kf5 41. Ke3 Ke5 42. a4 Ke6 43. Kf4 Kf6 44. Ra3 Kf7 45. Ke4 Ke6 46. Kd4
Kd6 47. Kc4 Kc6 48. Ra2 Kc7 49. Rc2 Kb6 50. Rb2+ Ka6 51. Ra2 Rf5 52. Kd4 Ka5
53. Ke4 Rh5 54. Kf4 Rc5 55. Kg4 Rd5 56. Ra1 Rc5 57. h3 Rd5 58. Kh4 Rc5 59. Rb1
Kxa4 60. Rb7 h5 61. Rh7 Kb4 62. Rxh5 $10 {Der schwarze König steht sehr weit
weg vom Bauern, trotzdem reicht es noch zum Remis, denn der Bauer steht noch
weit hinten.} Rc4+ $1 $8 63. Kg5 Kc5 64. Rh6 Kd5 65. h4 Ke5 66. Ra6 Rc1 67. h5
Rg1+ $1 $8 68. Kh6 Rh1 $4 {Der bleibt auf der g-Linie und geht nur weg, wenn
er muß.} (68... Kf5 69. Kh7 Rg2 70. h6 Rg1 71. Ra7 (71. Ra8 Kf6 72. Rg8 Rh1 $10
) 71... Kf6 72. Rg7 Rh1 73. Rg6+ Kf7 $10) 69. Kg7 $18 {Schwarz kann nicht mal
auf h5 nehmen wegen Turmverlust.} Kf5 70. h6 Rg1+ 71. Kf7 Rh1 72. Ra5+ Kf4 73.
Kg7 Rg1+ 74. Kh8 Rg2 75. h7 (75. h7 Rg1 76. Ra8 Kf5 77. Rg8 $19) 1-0

[Event "World op 26th"]
[Site "Philadelphia"]
[Date "1998.07.01"]
[Round "4"]
[White "Epishin, Vladimir"]
[Black "Gulko, Boris F"]
[Result "1-0"]
[WhiteElo "2590"]
[BlackElo "2585"]
[Annotator "Epishin,V"]
[PlyCount "67"]
[EventDate "1998.06.27"]
[EventType "swiss"]
[EventRounds "9"]
[EventCountry "USA"]
[SourceTitle "CBM 066"]
[Source "ChessBase"]
[SourceDate "1998.09.30"]
[SourceVersion "1"]
[SourceVersionDate "1998.09.30"]
[SourceQuality "1"]

1. d4 d6 2. Nf3 g6 3. c4 Bg7 4. e4 Bg4 5. Be2 Nc6 6. Be3 e5 7. d5 Bxf3 8. Bxf3
Nd4 9. Bxd4 exd4 10. Nd2 Ne7 (10... c5 11. dxc6 bxc6 12. b4 Ne7 13. O-O O-O 14.
Nb3 Qb6 15. a3 Rab8 16. c5 dxc5 17. Nxc5 Rfd8 18. Nd3 $16 {Epishin-Gulko,
Erevan 1996}) 11. Be2 O-O 12. O-O c6 $146 13. Nf3 Qb6 14. Qd2 f5 15. Bd3 (15.
Qc2 fxe4 16. Qxe4 Rae8 17. Qe6+ Kh8 18. Ng5 Nxd5 19. Nf7+ Rxf7 20. Qxe8+ Rf8
21. Qe4 Nf4 $15) 15... fxe4 16. Bxe4 cxd5 17. cxd5 Rac8 18. Qe2 $1 (18. Rad1
Rc5 $1 19. Qe2 (19. Nxd4 Rc4) 19... Qb5 20. Bd3 Qd7 21. Ng5 Nxd5 22. Qe6+ Qxe6
23. Nxe6 Re8 24. Nxc5 dxc5 25. Bc4 Rd8 26. Rfe1 Bf6 $1 27. g3 Kg7 $44) 18...
Bf6 {xg5} 19. Ne1 $1 $16 {xd3} Bg7 20. Nd3 Rce8 21. Rfe1 Qb5 $2 (21... Kh8 22.
Bf3 Qd8 23. Qd1 $16) 22. g3 $1 Nxd5 (22... Kh8 23. Nf4 Qxe2 24. Rxe2 $16) 23.
Nf4 (23. a4 Qa5 24. b4 Nxb4 25. Nxb4 Qxb4 26. Bd5+ Kh8 27. Qxe8 Rxe8 28. Rxe8+
Bf8 29. Rxf8+ Kg7 30. Rf7+ Kh6 $16) 23... Nc7 24. Qxb5 Nxb5 25. Ne6 $1 (25.
Bxb7 $16) 25... Rxe6 (25... Rf6 26. Bd5 Kh8 27. a4 $18) (25... Rf7 26. Bd5 Kh8
27. a4 $18) 26. Bd5 Kh8 27. Rxe6 (27. Bxe6 $2 d3 $132) 27... d3 28. Rd1 Bd4 29.
Rxd3 Bxf2+ 30. Kg2 Nd4 31. Re4 Nc2 32. Rf3 Ne1+ 33. Rxe1 Rxf3 34. Re8+ 1-0

[Event "WchT 3rd"]
[Site "Luzern"]
[Date "1993.??.??"]
[Round "1.2"]
[White "Vera Gonzalez Quevedo, Reynaldo"]
[Black "Gulko, Boris F"]
[Result "0-1"]
[WhiteElo "2525"]
[BlackElo "2635"]
[Annotator "Ftacnik,L"]
[PlyCount "60"]
[EventDate "1993.10.24"]
[EventType "team-tourn"]
[EventRounds "9"]
[EventCountry "SUI"]
[SourceTitle "CBM 038"]
[Source "ChessBase"]
[SourceDate "1994.02.01"]
[SourceVersion "1"]
[SourceVersionDate "1994.02.01"]
[SourceQuality "1"]
[WhiteTeam "Cuba"]
[BlackTeam "US of America"]
[WhiteTeamCountry "CUB"]
[BlackTeamCountry "USA"]

1. d4 d6 2. Nf3 Bg4 3. c4 Nd7 4. Nc3 e5 5. e3 (5. e4) 5... c6 (5... f5 6. h3
Bh5 7. dxe5 dxe5 8. Qd5 c6 9. Qe6+ Qe7 10. Qxf5 $16) 6. h3 Bh5 7. Be2 Be7 (7...
f5 8. g4 $1 (8. dxe5 dxe5 9. e4 $5 (9. Nxe5 Bxe2 10. Qxd7+ Qxd7 11. Nxd7 Bxc4
12. Nxf8 Kxf8 13. b3 Ba6 14. Ba3+ Kf7 15. O-O-O $14) 9... f4 10. Nxe5 Bxe2 11.
Qxd7+ Qxd7 12. Nxd7 Bxc4 13. Nxf8 Kxf8 14. Bxf4 $16) 8... fxg4 9. Nh2 Ngf6 10.
hxg4 Bg6 11. Nf1 $14) 8. O-O (8. Qc2 $5) 8... f5 9. c5 $2 (9. e4 $1 f4 (9...
fxe4 10. Nxe4 d5 (10... Bg6 11. Neg5) (10... Bxf3 11. Bxf3 d5 12. cxd5 cxd5 13.
Nc3 e4 14. Bh5+ g6 15. Nxd5 gxh5 16. Bf4 $40) 11. cxd5 cxd5 12. Neg5 Bxf3 13.
Nxf3 e4 14. Ne5 Ngf6 15. Qb3 Nb6 (15... Qb6 16. Nxd7 $1 $16) 16. a4) 10. c5
Bxf3 11. Bxf3 Ngf6 (11... exd4 12. Qxd4 Ne5 13. Bxf4 Nxf3+ 14. gxf3 $16) (11...
dxc5 12. dxe5 Nxe5 13. Bh5+ (13. Bxf4 Qxd1 14. Bxd1 Nd3 15. Bg3 Nxb2 16. Be2
Rd8 $13) 13... g6 14. Bxf4 Nd3 $1 15. Be3 gxh5 16. Qxh5+ Kf8 17. Qf5+ Ke8 18.
e5 $13) 12. cxd6 Bxd6 13. dxe5 Bxe5 14. Qb3 Nc5 15. Qc4 Qe7 $13) 9... e4 $1 10.
cxd6 Bxd6 (10... exf3 $4 11. dxe7 Nxe7 12. Bxf3 $16) 11. Nd2 Bxe2 12. Qxe2 Ngf6
13. Nc4 (13. f3 Qe7 (13... Nh5 $5)) 13... Bc7 14. b3 $2 (14. f4 $1 exf3 $6 15.
Qxf3 g6 16. e4 $36) 14... b5 $1 15. Nd2 Qe7 16. Rd1 O-O 17. Nf1 Nb6 18. Bb2
Nfd5 19. a4 f4 $1 20. exf4 Nxf4 21. Qxe4 Qg5 22. Qf3 (22. Qxc6 Nxh3+ $19) (22.
Ng3 Rae8 23. Qxc6 Nxh3+ 24. gxh3 Bxg3 25. fxg3 Qxg3+ 26. Qg2 Qe3+ 27. Kh1 Rf3
$19) 22... Rae8 23. Qg4 $8 (23. Kh1 Ne2 24. Qg4) 23... Qxg4 24. hxg4 b4 25. Na2
Ne2+ 26. Kh1 Nd5 (26... Rxf2 27. Nxb4 Re6 28. Rd3 $17) 27. f3 Re6 28. Bc1 Rff6
29. g5 $8 Rf5 30. Nh2 Bxh2 (30... Bxh2 31. Kxh2 Rh6+ $1 32. gxh6 Rh5#) 0-1

[Event "Interpolis-02"]
[Site "Tilburg"]
[Date "1978.09.07"]
[Round "6"]
[White "Larsen, Bent"]
[Black "Ljubojevic, Ljubomir"]
[Result "1/2-1/2"]
[WhiteElo "2620"]
[BlackElo "2605"]
[Annotator "Ftacnik,L"]
[PlyCount "174"]
[EventDate "1978.09.01"]
[EventType "tourn"]
[EventRounds "11"]
[EventCountry "NED"]
[EventCategory "14"]
[SourceTitle "MCL"]
[Source "ChessBase"]
[SourceDate "1999.07.01"]
[SourceVersion "1"]
[SourceVersionDate "1999.07.01"]
[SourceQuality "1"]

1. c4 e5 2. Nc3 d6 3. Nf3 Bg4 (3... f5) 4. d4 $5 Nc6 (4... Bxf3 $5) 5. d5 Nce7
6. e4 Ng6 7. g3 Be7 8. h4 Nf6 9. Be2 h6 10. Nh2 Bxe2 11. Qxe2 Nf8 12. Nf1 (12.
h5 $5) 12... h5 13. Ne3 g6 14. b3 N8d7 15. Ba3 Bf8 16. O-O-O Bh6 17. Kb1 a6 18.
f3 Qe7 19. Ng2 (19. Nc2) 19... b6 $5 20. Rdf1 Nc5 21. b4 $5 Ncd7 22. Bb2 Bg7
23. Ne1 Qd8 $5 24. Nd3 Qc8 25. g4 $5 Qb7 26. Rc1 O-O 27. Rhg1 Rfc8 (27... Rfb8)
28. Qe3 b5 $5 29. c5 Qa7 30. g5 Ne8 31. Rge1 a5 $5 (31... Bf8) 32. c6 Nb6 33.
Nxb5 Qa6 34. Na3 axb4 35. Nxb4 Qa5 36. Qb3 Na4 37. Nc4 Qa7 38. Qe3 Nc5 39. a3
Rcb8 40. Rc3 Kh7 41. Kc1 f6 42. Kd2 (42. gxf6 $4 Bh6) 42... fxg5 43. hxg5 Bf8
44. Ke2 Be7 45. Bc1 Ng7 46. Bd2 Kg8 47. Rb1 Rb5 48. Rcc1 Qb8 49. Qg1 Qc8 50.
Be3 Na4 51. Kf2 Nc5 52. Rc3 (52. Bxc5 $5) 52... Na4 53. Rc2 Nc5 54. Ke2 Na4 55.
Qg3 Qf8 56. Rcc1 Qc8 57. Kf1 Rab8 58. Kg2 Kh7 59. Nd2 Kg8 60. Kh2 Kh7 61. Qg1
Ra8 62. Qf1 Rbb8 (62... Rab8 63. Na2 $5) 63. Nc4 Qd8 64. Qg2 Qc8 65. Qd2 Qf8
66. Kg2 Nc5 $5 67. Bxc5 dxc5 68. Nd3 Qd8 69. Ndxe5 Bxg5 70. f4 Bh6 71. Nf7 Qe7
72. Nce5 Rxb1 73. Rxb1 Ne8 (73... Rxa3 $2 74. d6 $1) 74. Qe3 Nd6 75. Nxh6 Kxh6
76. Qg3 (76. f5+ $5) 76... Qf6 77. Nd7 Qd4 78. Qg5+ Kh7 79. Nf6+ (79. Qe7+ Kh6
$1 {/\} 80. Nf6 $2 (80. Qg5+ Kh7 81. Nf6+) 80... Qd2+ 81. Kh1 Qxf4 $1 82. Qh7+
Kg5 83. Rg1+ Kxf6 $19) 79... Kg7 80. Qe5 (80. Nxh5+ Kf7 $1) 80... Qd2+ 81. Kh1
Qd3 82. Rb2 (82. Nxh5+ Kh6 $1 83. Qg5+ (83. Qg7+ Kxh5 $13) 83... Kh7 84. Qe7+
$10 (84. Nf6+ Kg7 $10)) (82. Qe7+ $2 Nf7 83. Nxh5+ Kh6 $1) 82... Qh3+ 83. Kg1
Qg3+ 84. Kf1 Qh3+ $1 (84... Qf3+ $2 85. Rf2) 85. Kg1 (85. Rg2 $6 Qh1+ 86. Rg1
$1 (86. Kf2 $4 Qh4+ {/\Qf6}) 86... Qf3+ $10) 85... Qg3+ 86. Kf1 Qh3+ 87. Kg1
Qg3+ 1/2-1/2

[Event "Candidates qf3"]
[Site "Brussels"]
[Date "1991.??.??"]
[Round "5"]
[White "Ivanchuk, Vassily"]
[Black "Jussupow, Artur"]
[Result "1-0"]
[WhiteElo "2735"]
[BlackElo "2625"]
[Annotator "Ftacnik,L"]
[PlyCount "55"]
[EventDate "1991.08.??"]
[EventType "match"]
[EventRounds "8"]
[EventCountry "BEL"]
[SourceTitle "Candidates"]
[Source "ChessBase"]
[SourceDate "1999.07.01"]
[SourceVersion "2"]
[SourceVersionDate "1999.07.01"]
[SourceQuality "1"]

1. c4 {Yusupov Ribli} e5 2. Nc3 d6 3. g3 g6 4. d4 Nd7 5. Bg2 Bg7 6. Nf3 Nh6 7.
c5 $1 {N} (7. O-O O-O 8. Qd2 (8. h3 c6 9. e4 f5 10. Bg5 Qe8 11. Re1 $14 {
Psakhis,L-Mohr,S/Amsterdam OHRA-B/1989/}) 8... Nf5 9. e3 Re8 10. Rd1 h5 $13 {
Suba,M-Ivanovic,B/Vrsac/1983/}) (7. h4 exd4 8. Bg5 Nf6 9. Nd5 Nhg4 10. h5 O-O
11. hxg6 fxg6 12. Qxd4 Be6 13. Nxf6+ Nxf6 14. Qh4 Qd7 $14 {Cifuentes,P-Mohr,S/
Amsterdam OHRA-B/1989/}) 7... O-O (7... exd4 8. Bxh6 Bxh6 9. Qxd4 O-O (9... Qf6
10. cxd6 Qxd4 11. Nxd4 cxd6 $14) 10. cxd6 Bg7 11. Qd2 $14) (7... dxc5 8. dxe5
Ng4 9. Bg5 $16) (7... Nf5 {Yusupov} 8. cxd6 cxd6 9. dxe5 dxe5 10. O-O $14) 8.
cxd6 cxd6 9. e4 exd4 (9... Qb6 10. O-O exd4 11. Nd5 $16) 10. Nxd4 Nc5 11. O-O (
11. Ndb5 Ng4 12. Nxd6 Be5 13. Nxc8 Nd3+ 14. Ke2 Ngxf2 $17) 11... Ng4 (11... f5
12. exf5 Nxf5 13. Nxf5 Bxf5 14. Be3 $16) 12. Rb1 (12. h3 Ne5 13. Be3 Nc4) (12.
Ndb5 $6 {Yusupov} Be6 13. Qxd6 Qxd6 14. Nxd6 Rad8 $44) 12... h5 (12... Ne5 13.
b4 (13. Be3 $16 {Yusupov}) 13... Ne6 14. Ndb5 $16) (12... Bd7 $5 {Yusupov}) 13.
Nd5 (13. h3 Ne5 14. b4 Ne6 15. Ndb5 h4 $1 $132) 13... Bd7 (13... h4 14. b4 Na6
15. Bb2 $16) 14. h4 $1 (14. h3 Ne5 15. b4 Ne6 $132) 14... Ne6 (14... Ne5 15.
Bg5 f6 16. Bf4 $16) 15. Nxe6 Bxe6 (15... fxe6 16. Bg5 Nf6 17. Nxf6+ Bxf6 18.
Qxd6 $16) 16. Bg5 f6 (16... Qd7 17. f3 (17. Be7 {Yusupov} Rfe8 18. Bxd6 $18)
17... Bxd5 18. Qxd5 $16 (18. fxg4 Be6 19. gxh5 Bg4 20. Bf3 gxh5 $14)) 17. Bf4
Ne5 18. Rc1 Rf7 (18... Rc8 19. Rxc8 Bxc8 20. Qa4 a6 21. Rd1 $16) 19. Qd2 Kh7 (
19... Rc8 20. Rxc8 Qxc8 21. Rc1 $16) 20. Rc3 Rc8 21. Rfc1 Rxc3 22. Rxc3 Bg4 (
22... Qa5 23. b4 Qd8 24. Be3 $16) 23. Be3 $1 Qa5 (23... Nf3+ 24. Bxf3 Bxf3 25.
Bb6 $1 axb6 26. Rxf3 $16) 24. b3 f5 (24... Bf3 25. Bd4 $16) (24... Nf3+ 25.
Bxf3 Bxf3 26. Bb6 $1 (26. b4 Qa4 $1 27. Rc4 b5 28. Nc3 Qa6 29. Rd4 f5 30. Rxd6
Bxc3 $10) 26... axb6 27. b4 $1 Qb5 28. Rxf3 $16) 25. exf5 $1 Rxf5 (25... Nf3+
26. Bxf3 Bxc3 (26... Bxf3 27. fxg6+ Kxg6 28. Qd3+ Rf5 29. Ne7+ Kf7 30. Qxf5+
Qxf5 31. Nxf5 Bxc3 32. Nxd6+ $18) 27. fxg6+ Kxg6 (27... Kg7 28. Bh6+ Kxg6 29.
Be4+ $18) 28. Be4+ $1 Bf5 29. Bxf5+ Rxf5 30. Nxc3 $18) (25... gxf5 26. Bd4 Nf3+
27. Bxf3 Bxf3 28. Bxg7 Rxg7 29. Nf6+ Kg6 30. Qxd6 Qxc3 31. Ne4+ $18) (25...
Bxf5 $142 $14 {Yusupov}) 26. Bd4 Nf3+ (26... Bf3 27. Bxe5 dxe5 28. Bxf3 Rxf3
29. b4 $18) (26... Rf7 27. f4 $16 (27. f4 $140 {Yusupov} Nf3+ 28. Bxf3 Bxf3 29.
Bxg7 Bxd5 $10)) 27. Bxf3 Bxf3 (27... Rxf3 28. Bxg7 Kxg7 29. Rc7+ $18) 28. Bxg7
{Ftacnik,L} (28. Bxg7 Qxd5 29. Qh6+ Kg8 30. Qh8+ Kf7 31. Rc7+ (31. Qf8+ {
Yusupov} Ke6 32. Qe8#) 31... Ke6 32. Qe8#) 1-0